On This Day (October 26th) Multiple Choice - Statistics

General Stats
  • This quiz has been taken 8 times
  • The average score is 3 of 15
Answer Stats
Question Answer % Correct
1825 – The Erie Canal opens, allowing direct passage from which river to Lake Erie ? Hudson
57%
1977 – Ali Maow Maalin, the last natural case of smallpox, develops a rash in which African country ? Somalia
43%
1917 – First World War: Which south American country declares war on the Central Powers ? Brazil
29%
1968 – Soviet cosmonaut Georgy Beregovoy pilots Soyuz 3 into space for a mission lasting how long ? Four days
29%
2000 – A wave of protests forces Robert Guéï to step down as president after the presidential election in which African country ? Ivory Coast
29%
2000 – Which games console is launched in North American markets with 27 launch titles ? Sony Playstation 2
29%
1991 – The last soldier of the Yugoslav People's Army leaves the territory of the Republic of Slovenia. How long after the end of the Ten Day War ? Three Months
29%
1689 – General Piccolomini of Austria burns down Skopje to prevent the spread of which disease ? Cholera
14%
1995 – Mossad agents assassinate Islamic Jihad leader Fathi Shaqaqi in his hotel on which island ? Malta
14%
1943 – World War II: First flight of the Dornier Do 335 "Pfeil". What was it's unique feature ? Propeller at both ends of fuselage
14%
2003 – The Cedar Fire, the third-largest fire in California history, kills 15 people, consumes 250,000 acres, and destroys 2,200 homes around which city ? San Diego
14%
1377 – Tvrtko I is crowned the first king of which European country ? Bosnia
0%
1994 – Israel signs a peace treaty with which other country ? Jordan
0%
1958 – Pan American Airways makes the first commercial flight of the Boeing 707 from New York City to which destination ? Paris
0%
1640 – A treaty is signed, restoring peace between Covenanter Scotland and King Charles, in which English city ? Ripon
0%
No matching quizzes found
Score Distribution
Percent of People with Each Score
Percentile by Number Answered
Your Score History
You have not taken this quiz